| 000 | 00780nam a2200205 a 4500 | ||
|---|---|---|---|
| 001 | 1535 | ||
| 003 | CDMR | ||
| 005 | 20131128111730.0 | ||
| 008 | 130130s1994||||||||||||||||||||||||||||d | ||
| 020 | _a8439330219 | ||
| 040 |
_aCDMR _bcat _cCPC LLEIDA |
||
| 100 | 1 |
_aBaget i Herms, Josep Maria _948 |
|
| 245 | 1 | 0 |
_aHistòria de la Televisió de Catalunya _cJosep M. Baget i Herms, amb la col·laboració de Montserrat Carvajal ; pròleg: Miquel Moragas i Spà |
| 260 |
_aBarcelona _c1994 _bGeneralitat de Catalunya. Centre d'Investigació de la Comunicació |
||
| 300 | _a151 p. | ||
| 490 | 0 |
_aInformes / Centre d'Investigació de la Comunicació _v9 |
|
| 650 | 0 | 4 |
_93127 _aTelevisió _zCatalunya _xHistòria |
| 710 | 1 |
_9304 _aCentre d'Investigació de la Comunicació |
|
| 942 |
_cMON _2udc |
||
| 999 |
_c1535 _d1535 |
||